<?xml version="1.0" encoding="UTF-8"?>
<record
    xmlns:xsi="http://www.w3.org/2001/XMLSchema-instance"
    xsi:schemaLocation="http://www.loc.gov/MARC21/slim http://www.loc.gov/standards/marcxml/schema/MARC21slim.xsd"
    xmlns="http://www.loc.gov/MARC21/slim">

  <leader>03926nam a22004097a 4500</leader>
  <controlfield tag="005">2008111702102.0</controlfield>
  <controlfield tag="008">081117t        xxu||||| |||| 00| 0 hin d</controlfield>
  <datafield tag="010" ind1=" " ind2=" ">
    <subfield code="a">B-354847-857</subfield>
  </datafield>
  <datafield tag="020" ind1=" " ind2=" ">
    <subfield code="c">200.00</subfield>
  </datafield>
  <datafield tag="035" ind1=" " ind2=" ">
    <subfield code="a">B-354847-857</subfield>
  </datafield>
  <datafield tag="037" ind1=" " ind2=" ">
    <subfield code="b">&#x917;&#x94D;&#x932;&#x94B;&#x92C;&#x932; &#x935;&#x93F;&#x91C;&#x93C;&#x928; &#x92A;&#x92C;&#x94D;&#x932;&#x93F;&#x936;&#x930;&#x94D;&#x938;</subfield>
  </datafield>
  <datafield tag="040" ind1=" " ind2=" ">
    <subfield code="a">DPL</subfield>
    <subfield code="b">HN</subfield>
  </datafield>
  <datafield tag="082" ind1=" " ind2=" ">
    <subfield code="a">370.114</subfield>
  </datafield>
  <datafield tag="100" ind1=" " ind2=" ">
    <subfield code="a">&#x936;&#x930;&#x94D;&#x92E;&#x93E;, &#x92A;&#x935;&#x93F;&#x924;&#x94D;&#x930; &#x915;&#x941;&#x92E;&#x93E;&#x930;</subfield>
  </datafield>
  <datafield tag="245" ind1=" " ind2=" ">
    <subfield code="a">&#x935;&#x93F;&#x926;&#x94D;&#x92F;&#x93E;&#x930;&#x94D;&#x925;&#x93F;&#x92F;&#x94B;&#x902; &#x92E;&#x947;&#x902; &#x928;&#x948;&#x924;&#x93F;&#x915; &#x92E;&#x942;&#x932;&#x94D;&#x92F; /</subfield>
    <subfield code="c">&#x92A;&#x935;&#x93F;&#x924;&#x94D;&#x930; &#x915;&#x941;&#x92E;&#x93E;&#x930; &#x936;&#x930;&#x94D;&#x92E;&#x93E;</subfield>
  </datafield>
  <datafield tag="246" ind1=" " ind2=" ">
    <subfield code="a">Vidyarthiyon mein naitik mulya</subfield>
    <subfield code="b">by Pavitra Kumar Sharma</subfield>
  </datafield>
  <datafield tag="260" ind1=" " ind2=" ">
    <subfield code="a">&#x926;&#x93F;&#x932;&#x94D;&#x932;&#x940;</subfield>
    <subfield code="b">&#x917;&#x94D;&#x932;&#x94B;&#x92C;&#x932; &#x935;&#x93F;&#x91C;&#x93C;&#x928; &#x92A;&#x92C;&#x94D;&#x932;&#x93F;&#x936;&#x930;&#x94D;&#x938;</subfield>
    <subfield code="c">2009</subfield>
  </datafield>
  <datafield tag="270" ind1=" " ind2=" ">
    <subfield code="a">&#x921;&#x92C;&#x94D;&#x932;&#x94D;&#x92F;&#x942;-112, &#x917;&#x94D;&#x930;&#x947;&#x91F;&#x930; &#x915;&#x948;&#x932;&#x93E;&#x936;-1</subfield>
    <subfield code="b">&#x926;&#x93F;&#x932;&#x94D;&#x932;&#x940;</subfield>
    <subfield code="e">110048</subfield>
  </datafield>
  <datafield tag="300" ind1=" " ind2=" ">
    <subfield code="a">143&#x92A;&#x943;</subfield>
    <subfield code="c">22&#x938;&#x947;&#x92E;&#x940; (&#x938;&#x91C;&#x93F;&#x932;&#x94D;&#x926;)</subfield>
    <subfield code="b">&#x938;&#x91A;&#x93F;&#x924;&#x94D;&#x930;</subfield>
  </datafield>
  <datafield tag="650" ind1=" " ind2=" ">
    <subfield code="a">&#x928;&#x948;&#x924;&#x93F;&#x915; &#x91C;&#x94D;&#x91E;&#x93E;&#x928;</subfield>
    <subfield code="z">&#x92D;&#x93E;&#x930;&#x924;</subfield>
  </datafield>
  <datafield tag="650" ind1=" " ind2=" ">
    <subfield code="a">Moral science</subfield>
    <subfield code="z">India</subfield>
  </datafield>
  <datafield tag="650" ind1=" " ind2=" ">
    <subfield code="a">&#x91A;&#x930;&#x93F;&#x924;&#x94D;&#x930;</subfield>
    <subfield code="x">&#x905;&#x927;&#x94D;&#x92F;&#x94D;&#x92F;&#x928; &#x90F;&#x935;&#x902; &#x905;&#x927;&#x94D;&#x92F;&#x93E;&#x92A;&#x928;</subfield>
  </datafield>
  <datafield tag="650" ind1=" " ind2=" ">
    <subfield code="a">Character</subfield>
    <subfield code="x">Study and teaching</subfield>
  </datafield>
  <datafield tag="942" ind1=" " ind2=" ">
    <subfield code="2">ddc</subfield>
    <subfield code="c">HN</subfield>
    <subfield code="m">&#x936;&#x930;&#x94D;&#x92E;&#x93E;&#x92A;</subfield>
    <subfield code="h">370.114</subfield>
  </datafield>
  <datafield tag="999" ind1=" " ind2=" ">
    <subfield code="c">33504</subfield>
    <subfield code="d">33504</subfield>
  </datafield>
  <datafield tag="952" ind1=" " ind2=" ">
    <subfield code="0">0</subfield>
    <subfield code="1">0</subfield>
    <subfield code="2">ddc</subfield>
    <subfield code="4">0</subfield>
    <subfield code="7">0</subfield>
    <subfield code="8">NFIC</subfield>
    <subfield code="a">L</subfield>
    <subfield code="b">L</subfield>
    <subfield code="d">2010-01-06</subfield>
    <subfield code="e">02/09/28.07.09/44/11.07.09/31.07.09</subfield>
    <subfield code="g">200.00</subfield>
    <subfield code="l">0</subfield>
    <subfield code="o">370.114 &#x936;&#x930;&#x94D;&#x92E;&#x93E;&#x92A;</subfield>
    <subfield code="p">B-354847</subfield>
    <subfield code="r">2010-01-06 00:00:00</subfield>
    <subfield code="t">1</subfield>
    <subfield code="v">200.00</subfield>
    <subfield code="w">2010-01-06</subfield>
    <subfield code="y">HN</subfield>
  </datafield>
  <datafield tag="952" ind1=" " ind2=" ">
    <subfield code="0">0</subfield>
    <subfield code="1">0</subfield>
    <subfield code="2">ddc</subfield>
    <subfield code="4">0</subfield>
    <subfield code="7">0</subfield>
    <subfield code="8">NFIC</subfield>
    <subfield code="a">M</subfield>
    <subfield code="b">M</subfield>
    <subfield code="d">2010-01-06</subfield>
    <subfield code="e">02/09/28.07.09/44/11.07.09/31.07.09</subfield>
    <subfield code="g">200.00</subfield>
    <subfield code="l">0</subfield>
    <subfield code="o">370.114 &#x936;&#x930;&#x94D;&#x92E;&#x93E;&#x92A;</subfield>
    <subfield code="p">B-354848</subfield>
    <subfield code="r">2010-01-06 00:00:00</subfield>
    <subfield code="t">2</subfield>
    <subfield code="v">200.00</subfield>
    <subfield code="w">2010-01-06</subfield>
    <subfield code="y">HN</subfield>
  </datafield>
  <datafield tag="952" ind1=" " ind2=" ">
    <subfield code="0">0</subfield>
    <subfield code="1">0</subfield>
    <subfield code="2">ddc</subfield>
    <subfield code="4">0</subfield>
    <subfield code="7">0</subfield>
    <subfield code="8">NFIC</subfield>
    <subfield code="a">M</subfield>
    <subfield code="b">M</subfield>
    <subfield code="d">2010-01-06</subfield>
    <subfield code="e">02/09/28.07.09/44/11.07.09/31.07.09</subfield>
    <subfield code="g">200.00</subfield>
    <subfield code="l">0</subfield>
    <subfield code="o">370.114 &#x936;&#x930;&#x94D;&#x92E;&#x93E;&#x92A;</subfield>
    <subfield code="p">B-354849</subfield>
    <subfield code="r">2010-01-06 00:00:00</subfield>
    <subfield code="t">2</subfield>
    <subfield code="v">200.00</subfield>
    <subfield code="w">2010-01-06</subfield>
    <subfield code="y">HN</subfield>
  </datafield>
  <datafield tag="952" ind1=" " ind2=" ">
    <subfield code="0">0</subfield>
    <subfield code="1">5</subfield>
    <subfield code="2">ddc</subfield>
    <subfield code="4">0</subfield>
    <subfield code="7">0</subfield>
    <subfield code="8">NFIC</subfield>
    <subfield code="a">BL1</subfield>
    <subfield code="b">BL1</subfield>
    <subfield code="d">2010-01-06</subfield>
    <subfield code="e">02/09/28.07.09/44/11.07.09/31.07.09</subfield>
    <subfield code="g">200.00</subfield>
    <subfield code="l">0</subfield>
    <subfield code="o">370.114 &#x936;&#x930;&#x94D;&#x92E;&#x93E;&#x92A;</subfield>
    <subfield code="p">B-354850</subfield>
    <subfield code="r">2010-01-06 00:00:00</subfield>
    <subfield code="t">1</subfield>
    <subfield code="v">200.00</subfield>
    <subfield code="y">HN</subfield>
  </datafield>
  <datafield tag="952" ind1=" " ind2=" ">
    <subfield code="0">0</subfield>
    <subfield code="1">0</subfield>
    <subfield code="2">ddc</subfield>
    <subfield code="4">0</subfield>
    <subfield code="7">0</subfield>
    <subfield code="8">NFIC</subfield>
    <subfield code="a">ZLS</subfield>
    <subfield code="b">ZLS</subfield>
    <subfield code="d">2010-01-06</subfield>
    <subfield code="e">02/09/28.07.09/44/11.07.09/31.07.09</subfield>
    <subfield code="g">200.00</subfield>
    <subfield code="l">0</subfield>
    <subfield code="o">370.114 &#x936;&#x930;&#x94D;&#x92E;&#x93E;&#x92A;</subfield>
    <subfield code="p">B-354852</subfield>
    <subfield code="r">2010-01-06 00:00:00</subfield>
    <subfield code="t">1</subfield>
    <subfield code="v">200.00</subfield>
    <subfield code="w">2010-01-06</subfield>
    <subfield code="y">HN</subfield>
  </datafield>
  <datafield tag="952" ind1=" " ind2=" ">
    <subfield code="0">0</subfield>
    <subfield code="1">0</subfield>
    <subfield code="2">ddc</subfield>
    <subfield code="4">0</subfield>
    <subfield code="7">0</subfield>
    <subfield code="8">NFIC</subfield>
    <subfield code="a">RKP</subfield>
    <subfield code="b">RKP</subfield>
    <subfield code="d">2010-01-06</subfield>
    <subfield code="e">02/09/28.07.09/44/11.07.09/31.07.09</subfield>
    <subfield code="g">200.00</subfield>
    <subfield code="l">0</subfield>
    <subfield code="o">370.114 &#x936;&#x930;&#x94D;&#x92E;&#x93E;&#x92A;</subfield>
    <subfield code="p">B-354853</subfield>
    <subfield code="r">2010-01-06 00:00:00</subfield>
    <subfield code="t">1</subfield>
    <subfield code="v">200.00</subfield>
    <subfield code="w">2010-01-06</subfield>
    <subfield code="y">HN</subfield>
  </datafield>
  <datafield tag="952" ind1=" " ind2=" ">
    <subfield code="0">0</subfield>
    <subfield code="1">0</subfield>
    <subfield code="2">ddc</subfield>
    <subfield code="4">0</subfield>
    <subfield code="7">0</subfield>
    <subfield code="8">NFIC</subfield>
    <subfield code="a">VP</subfield>
    <subfield code="b">VP</subfield>
    <subfield code="d">2010-01-06</subfield>
    <subfield code="e">02/09/28.07.09/44/11.07.09/31.07.09</subfield>
    <subfield code="g">200.00</subfield>
    <subfield code="l">2</subfield>
    <subfield code="o">370.114 &#x936;&#x930;&#x94D;&#x92E;&#x93E;&#x92A;</subfield>
    <subfield code="p">B-354854</subfield>
    <subfield code="r">2012-03-14 00:00:00</subfield>
    <subfield code="s">2012-03-01</subfield>
    <subfield code="t">1</subfield>
    <subfield code="v">200.00</subfield>
    <subfield code="w">2010-01-06</subfield>
    <subfield code="y">HN</subfield>
  </datafield>
  <datafield tag="952" ind1=" " ind2=" ">
    <subfield code="0">0</subfield>
    <subfield code="1">0</subfield>
    <subfield code="2">ddc</subfield>
    <subfield code="4">0</subfield>
    <subfield code="7">0</subfield>
    <subfield code="8">NFIC</subfield>
    <subfield code="a">BL3</subfield>
    <subfield code="b">BL3</subfield>
    <subfield code="d">2010-01-06</subfield>
    <subfield code="e">02/09/28.07.09/44/11.07.09/31.07.09</subfield>
    <subfield code="g">200.00</subfield>
    <subfield code="l">0</subfield>
    <subfield code="o">370.114 &#x936;&#x930;&#x94D;&#x92E;&#x93E;&#x92A;</subfield>
    <subfield code="p">B-354855</subfield>
    <subfield code="r">2010-01-06 00:00:00</subfield>
    <subfield code="t">1</subfield>
    <subfield code="v">200.00</subfield>
    <subfield code="w">2010-01-06</subfield>
    <subfield code="y">HN</subfield>
  </datafield>
  <datafield tag="952" ind1=" " ind2=" ">
    <subfield code="0">0</subfield>
    <subfield code="1">0</subfield>
    <subfield code="2">ddc</subfield>
    <subfield code="4">0</subfield>
    <subfield code="7">0</subfield>
    <subfield code="8">NFIC</subfield>
    <subfield code="a">BL4</subfield>
    <subfield code="b">BL4</subfield>
    <subfield code="d">2010-01-06</subfield>
    <subfield code="e">02/09/28.07.09/44/11.07.09/31.07.09</subfield>
    <subfield code="g">200.00</subfield>
    <subfield code="l">1</subfield>
    <subfield code="o">370.114 &#x936;&#x930;&#x94D;&#x92E;&#x93E;&#x92A;</subfield>
    <subfield code="p">B-354856</subfield>
    <subfield code="r">2019-09-28 00:00:00</subfield>
    <subfield code="s">2019-09-07</subfield>
    <subfield code="t">1</subfield>
    <subfield code="v">200.00</subfield>
    <subfield code="y">HN</subfield>
  </datafield>
  <datafield tag="952" ind1=" " ind2=" ">
    <subfield code="0">0</subfield>
    <subfield code="1">0</subfield>
    <subfield code="2">ddc</subfield>
    <subfield code="4">0</subfield>
    <subfield code="7">0</subfield>
    <subfield code="8">NFIC</subfield>
    <subfield code="a">YV</subfield>
    <subfield code="b">YV</subfield>
    <subfield code="d">2010-01-06</subfield>
    <subfield code="e">02/09/28.07.09/44/11.07.09/31.07.09</subfield>
    <subfield code="g">200.00</subfield>
    <subfield code="l">0</subfield>
    <subfield code="o">370.114 &#x936;&#x930;&#x94D;&#x92E;&#x93E;&#x92A;</subfield>
    <subfield code="p">B-354857</subfield>
    <subfield code="r">2010-01-06 00:00:00</subfield>
    <subfield code="t">1</subfield>
    <subfield code="v">200.00</subfield>
    <subfield code="w">2010-01-06</subfield>
    <subfield code="y">HN</subfield>
  </datafield>
  <datafield tag="952" ind1=" " ind2=" ">
    <subfield code="0">0</subfield>
    <subfield code="1">5</subfield>
    <subfield code="2">ddc</subfield>
    <subfield code="4">0</subfield>
    <subfield code="7">0</subfield>
    <subfield code="8">NFIC</subfield>
    <subfield code="a">JP</subfield>
    <subfield code="b">JP</subfield>
    <subfield code="d">2010-01-06</subfield>
    <subfield code="e">02/09/28.07.09/44/11.07.09/31.07.09</subfield>
    <subfield code="g">200.00</subfield>
    <subfield code="l">11</subfield>
    <subfield code="o">370.114 &#x936;&#x930;&#x94D;&#x92E;&#x93E;&#x92A;</subfield>
    <subfield code="p">B-354851</subfield>
    <subfield code="r">2018-06-27 00:00:00</subfield>
    <subfield code="s">2011-07-09</subfield>
    <subfield code="t">1</subfield>
    <subfield code="v">200.00</subfield>
    <subfield code="y">HN</subfield>
  </datafield>
</record>
